Answers Contain a Metal - Statistics

General Stats
  • This quiz has been taken 533 times
    394 since last reset
  • The average score is 9 of 20
Answer Stats
Hint Answer % Correct
Wizard of Oz character who wishes for a heart Tin Man
90%
Suspension bridge in San Francisco Golden Gate
87%
Marvel superhero, or Black Sabbath song Iron Man
79%
Pigment historically used to color ceramics, like Chinese porcelain {cobalt} blue
59%
Charles Dickens novel, or history's most successful magician David Copperfield
58%
Usual power source of mobile phones lithium-ion battery
55%
Flamboyant rock singer with a four-octave range Freddy Mercury
54%
Term for whitish-yellow hair, or a 1931 Jean Harlow film platinum blonde
54%
Metal-skinned character named in Fantastic Four: Rise of the ____ ____ Silver Surfer
52%
Metal weapon designed to concentrate a punch's force brass knuckles
43%
Heavy metal band of "Run to the Hills" with mascot named Eddie Iron Maiden
42%
Agkistrodon contortrix, a pit viper species found in the eastern US copperhead
40%
Often-maligned Canadian rock band fronted by Chad Kroeger Nickelback
40%
The first cable TV channel for children Nickelodeon
38%
1989 drama film with Sally Field, Dolly Parton, and Julia Roberts Steel Magnolias
36%
1970s rock band of "Do It Again" and "Reelin' in the Years" Steely Dan
26%
Brand name for an American sunscreen Coppertone
25%
German Shepherd (1918–1932) who was a Hollywood star Rin Tin Tin
25%
Term for a group of people who are the leaders of an organization {top} {brass}
19%
Music publishers and songwriters on NYC's West 28th St. (1885-1930) {Tin} {Pan} {Alley}
13%
No matching quizzes found
Score Distribution
Percent of People with Each Score
Percentile by Number Answered
Your Score History
You have not taken this quiz since the last reset